| 000 | 00474nam a22001697a 4500 | ||
|---|---|---|---|
| 003 | NUST - PNEC | ||
| 005 | 20170116180754.0 | ||
| 008 | 150331b xxu||||| |||| 00| 0 eng d | ||
| 040 | _cLIBRARY | ||
| 082 | _a297.2 SER | ||
| 100 |
_91935 _aSereen, Alama Ibn |
||
| 245 |
_aTabeer ur roya : Khawab aur us ki tabeer _cAlama Ibn Sareen |
||
| 260 |
_aLahore : _bMusbah ul elm, _cc2013. |
||
| 300 |
_a536 p. : _c24 cm. |
||
| 650 |
_91937 _aIslam, Life _xGeneral |
||
| 942 |
_2ddc _cBK |
||
| 999 |
_c62665 _d62665 |
||